Régimen jurídico y administrativo ambiental en Costa Rica /
Сохранить в:
| Главные авторы: | , , , |
|---|---|
| Формат: | Неизвестно |
| Язык: | Spanish |
| Предметы: | |
| Метки: |
Добавить метку
Нет меток, Требуется 1-ая метка записи!
|
MARC
| LEADER | 000000000a22000000004500 | ||
|---|---|---|---|
| 001 | 007475 | ||
| 041 | 0 | |a spa | |
| 100 | 1 | |a Bonilla, Tobías Alberto | |
| 100 | 1 | |a Meza, Tobías Alberto | |
| 100 | 1 | |a Quirós, Roxana | |
| 100 | 1 | |a Rojas González, Margarita | |
| 245 | 1 | 0 | |a Régimen jurídico y administrativo ambiental en Costa Rica / |c Tobías Alberto Bonilla, Tobías Alberto Meza, Roxana Quirós, Margarita Rojas González. |
| 650 | 4 | |a HOMBRE | |
| 650 | 4 | |a INFLUENCIA DEL MEDIO | |
| 650 | 4 | |a CONTROL AMBIENTAL | |
| 650 | 4 | |a RÉGIMEN JURÍDICO | |
| 773 | 0 | |x 0252-84790# |d Heredia, Costa Rica : Instituto de Estudios Latinoamericanos |t Repertorio Americano. Nueva Época |g número 8 (1999), páginas 147-166 | |
| 942 | |c ARC | ||
| 999 | |c 13513 |d 13513 | ||
